Análisis y Diseño Estructural

Bibliographic Details
Main Author: Catillo Martínez, Heberto
Format: Section = Libro
Language:Undetermined
Spanish
Published: México Cámara Nacional de la Industria de la Construcción 1973
Subjects:
LEADER 00617nam a2200217Ia 4500
008 241007s9999||||xx |||||||||||||| ||und||
040 |a BIBLIOTECA-RURC/ 624.1771 C352 
041 |a spa 
082 |a 624.1771 C352 
100 1 |a Catillo Martínez, Heberto 
245 1 0 |a Análisis y Diseño Estructural 
260 |a México  |b Cámara Nacional de la Industria de la Construcción  |c 1973 
300 |a 747 p. :il. 
650 7 |a DEFORMACIONES 
650 7 |b  EL ESFUERZO 
650 7 |c  ENERGIA ELASTICA 
650 7 |d  ESTRUCTURAS HIPERESTATICAS 
650 7 |e  COLUMNAS. 
942 |c BK  |2 ddc 
991 |a TEXTO 
999 |c 14478